000 00468nam a2200181Ia 4500
001 8017
005 20260306160538.0
008 260306t2014||||xx |||||||||||||| ||spa||
041 _aESP
082 _a370.1
_bA59
100 _aAnderson, Lorin W.,
_eAUT
245 2 _aA taxonomy for learning, teaching, and assessing :
_ba revisión of bloom's
260 _c2014
300 _a302 páginas :
_c23 cm.
650 _aGEN
654 _aCED
942 _cLIB
_dJUS
_fJUS
_2ddc
_n
999 _c8017
_d8017